Lanean...

Fundamentals of tropical turf management

Xehetasun bibliografikoak
Beste egile batzuk: Wiecko, G
Formatua: eBook
Argitaratua: UK CAB International 2006
Sarrera elektronikoa:http://www.cabi.org/cabebooks/ebook/20063161983
LEADER 00537nam a22001697a 4500
003 OSt
020 |a 9781845930301 
082 |a 635.9 
245 |a Fundamentals of tropical turf management 
260 |a UK  |b CAB International  |c 2006 
500 |a CAB International 
546 |a English 
700 |a Wiecko, G 
856 |u http://www.cabi.org/cabebooks/ebook/20063161983 
942 |2 ddc  |c EB 
999 |c 157660  |d 157660 
952 |0 0  |1 0  |2 ddc  |4 0  |6 635_900000000000000  |7 0  |8 EB  |9 157218  |a KAUCLV  |b KAUCLV  |c EB  |d 2017-10-12  |o 635.9  |p EB411  |r 2017-10-12  |w 2017-10-12  |y EB